Giáo trình cơ học

Zapisane w:
Opis bibliograficzny
1. autor: Bạch, Thành Công
Format: Książka
Język:Undetermined
Wydane: Hà Nội Giáo dục 2005
Hasła przedmiotowe:
Etykiety: Dodaj etykietę
Nie ma etykietki, Dołącz pierwszą etykiete!
Thư viện lưu trữ: Trung tâm Học liệu Trường Đại học Cần Thơ
LEADER 00498nam a2200193Ia 4500
001 CTU_100928
008 210402s9999 xx 000 0 und d
020 |c 23000 
082 |a 531 
082 |b C455 
100 |a Bạch, Thành Công 
245 0 |a Giáo trình cơ học 
245 0 |c Bạch Thành Công 
260 |a Hà Nội 
260 |b Giáo dục 
260 |c 2005 
650 |a Mechanics 
904 |i Tuyến 
980 |a Trung tâm Học liệu Trường Đại học Cần Thơ